000 00471nam a22001817a 4500
003 OSt
005 20190612101749.0
008 190612b xxu||||| |||| 00| 0 spa d
020 _a85-7674-101-6
040 _cBiblioteca Ernesto Sábato
092 _aD340.115
_bD317
100 _aDe Giorgi, Raffaele
245 _aDireito, Tempo e Memória
260 _aSâo Paulo
_bQuartier Latin
_c2006
300 _a256 p
650 _aSOCIOLOGIA DEL DERECHO
942 _2ddc
_cBDGR
999 _c33808
_d33808